LEADER 00788nam0-22002651i-450- 001 990003824220403321 010 $a0-521-42408-9 035 $a000382422 035 $aFED01000382422 035 $a(Aleph)000382422FED01 035 $a000382422 100 $a20010328d19991999km-y0itay50------ba 101 0 $aeng 102 $aGB 200 1 $aProbality theory and statistical inference$eeconometric modeling with observation data$fAris Spanos 210 $aCambridge$cCambridge University Press$d1999 215 $a815 p.$d26 cm 700 1$aSpanos,$bAris$0128131 801 0$aIT$bUNINA$gRICA$2UNIMARC 901 $aBK 912 $a990003824220403321 952 $aC2-C5.89$b8342$fDECTS 959 $aDECTS 996 $aProbality theory and statistical inference$9507868 997 $aUNINA